[Event "Winter TNM"]
[Site "San Francisco"]
[Date "2006.02.28"]
[Round "7"]
[White "Snyder, Larry"]
[Black "Russell, Joe"]
[Result "1-0"]
[WhiteElo "2062"]
[BlackElo "1567"]
[PlyCount "59"]
[EventDate "2006.01.10"]
[EventType "swiss"]
[EventRounds "8"]
[EventCountry "USA"]

1. e4 c5 2. c3 d5 3. exd5 Qxd5 4. d4 Nf6 5. Nf3 Bg4 6. dxc5 Qxd1+ 7. Kxd1 e5 8.
b4 e4 9. h3 exf3 10. hxg4 Nxg4 11. Ke1 a5 12. Bb5+ Nc6 13. gxf3 Nf6 14. a3 Be7
15. Bb2 O-O 16. Nd2 Rfe8 17. Kd1 Rad8 18. Kc2 axb4 19. cxb4 Nd5 20. Rag1 Bf6
21. Bxf6 Nxf6 22. Nb3 Ra8 23. Kb2 Red8 24. Rd1 Ne5 25. Na5 Nxf3 26. Nxb7 Rdb8
27. Nd6 Ne5 28. Rhe1 Neg4 29. f3 Nh6 30. c6 1-0

[Event "Winter TNM"]
[Site "San Francisco"]
[Date "2006.02.28"]
[Round "7"]
[White "Starr, Albert"]
[Black "Jones, Ian"]
[Result "0-1"]
[WhiteElo "1496"]
[BlackElo "1754"]
[PlyCount "88"]
[EventDate "2006.01.10"]
[EventType "swiss"]
[EventRounds "8"]
[EventCountry "USA"]

1. b4 Nf6 2. Bb2 d5 3. e3 Bf5 4. Nf3 e6 5. b5 a6 6. a4 c5 7. d3 axb5 8. axb5
Rxa1 9. Bxa1 Qa5+ 10. Nbd2 Qxb5 11. Be2 Be7 12. O-O O-O 13. Ne5 Nc6 14. d4 c4
15. Ndf3 Qa4 16. Nxc6 Qxc6 17. Qb1 Ne4 18. Rd1 Rb8 19. Ne5 Qc7 20. g4 Bg6 21.
f4 b5 22. Nxg6 hxg6 23. c3 Qa5 24. Rc1 Nd2 25. Qc2 Nb3 26. Bb2 Nxc1 27. Bxc1 b4
28. cxb4 Qxb4 29. Kf2 Bh4+ 30. Kg2 Qb3 31. Bd1 Qxc2+ 32. Bxc2 f5 33. g5 Be1 34.
Kf1 Bd2 35. Bxf5 gxf5 36. Bxd2 Rb2 37. Ba5 Rxh2 38. Ke1 Kh7 39. Kd1 Kg6 40. Bd2
Kh5 41. Kc2 Kg4 42. Kc3 Rxd2 43. Kxd2 Kf3 44. g6 Ke4 0-1

[Event "Winter TNM"]
[Site "San Francisco"]
[Date "2006.02.28"]
[Round "7"]
[White "Thornally, Frank"]
[Black "Dorn, Richard"]
[Result "1-0"]
[WhiteElo "2200"]
[BlackElo "1933"]
[PlyCount "61"]
[EventDate "2006.01.10"]
[EventType "swiss"]
[EventRounds "8"]
[EventCountry "USA"]

1. d4 Nf6 2. Nf3 e6 3. c4 Bb4+ 4. Nbd2 O-O 5. e3 d5 6. Qc2 c5 7. cxd5 Nxd5 8.
dxc5 Nc6 9. a3 Qa5 10. Bd3 Bxc5 11. O-O Be7 12. Bxh7+ Kh8 13. Be4 Nf6 14. Bxc6
bxc6 15. Nc4 Qh5 16. e4 Ba6 17. Bg5 Rab8 18. Rfe1 Bxc4 19. Qxc4 Rxb2 20. e5 Nd5
21. Bxe7 Nxe7 22. Qc5 Re8 23. Qxa7 Nd5 24. Re4 Qf5 25. Qd4 Reb8 26. Rae1 Kg8
27. h3 Rb1 28. Rxb1 Rxb1+ 29. Kh2 c5 30. Qxc5 Qxe4 31. Qc8+ 1-0

[Event "Winter TNM"]
[Site "San Francisco"]
[Date "2006.02.28"]
[Round "7"]
[White "Todortsev, Victor"]
[Black "Faulkner, Charles"]
[Result "0-1"]
[WhiteElo "1962"]
[BlackElo "1849"]
[PlyCount "129"]
[EventDate "2006.01.10"]
[EventType "swiss"]
[EventRounds "8"]
[EventCountry "USA"]

1. Nf3 Nf6 2. c4 c5 3. Nc3 Nc6 4. g3 g6 5. Bg2 Bg7 6. O-O O-O 7. e3 d6 8. d4
Bg4 9. h3 Bd7 10. d5 Nb4 11. a3 Na6 12. e4 e5 13. Be3 Nc7 14. Qd2 b5 15. b3 a5
16. Nh4 b4 17. axb4 axb4 18. Ne2 Re8 19. Bg5 Ra3 20. Rxa3 bxa3 21. Qa5 Qc8 22.
Kh2 Qb7 23. Qxa3 Ra8 24. Qb2 Rb8 25. Rb1 Qb4 26. Bd2 Qb7 27. Qc3 Na6 28. Qd3
Qc8 29. Ra1 Nb4 30. Bxb4 Rxb4 31. Ra3 Nh5 32. Qf3 Bh6 33. Ra7 Ng7 34. g4 Bg5
35. Qg3 Qd8 36. Nf3 Rxb3 37. h4 Bd2 38. h5 g5 39. Nxd2 Rxg3 40. Kxg3 h6 41. f3
Ne8 42. Kf2 Nc7 43. Rb7 Qc8 44. Rb6 Ne8 45. Ng3 Qc7 46. Rb2 Qa7 47. Bf1 Nc7 48.
Bd3 Na6 49. Bb1 Nb4 50. Rb3 Qa1 51. Nf5 Bxf5 52. gxf5 f6 53. Ke2 Kf8 54. Ke3
Ke7 55. Ke2 Kd7 56. Ke3 Kc7 57. Ke2 Kb7 58. Ke3 Qd4+ 59. Ke2 Qg1 60. Ra3 Qh2+
61. Ke3 Qxh5 62. Nb3 Qh1 63. Bd3 Qg1+ 64. Ke2 Qg2+ 65. Ke3 0-1

[Event "Winter TNM"]
[Site "San Francisco"]
[Date "2006.02.28"]
[Round "7"]
[White "Traub, Igor"]
[Black "D'Aloisio, Tony"]
[Result "0-1"]
[WhiteElo "2074"]
[BlackElo "2222"]
[PlyCount "68"]
[EventDate "2006.01.10"]
[EventType "swiss"]
[EventRounds "8"]
[EventCountry "USA"]

1. d4 Nf6 2. c4 g6 3. Nc3 Bg7 4. e4 d6 5. Nf3 O-O 6. Be2 Nbd7 7. O-O e5 8. Re1
Re8 9. d5 Nc5 10. Qc2 a5 11. Be3 Ng4 12. Bxc5 dxc5 13. h3 Nf6 14. Nh2 Rf8 15.
Rad1 Ne8 16. Qd2 Nd6 17. b3 f5 18. Bf3 Bd7 19. a3 b6 20. Rb1 Kh8 21. Qe2 Qe7
22. Nf1 Rf7 23. Ng3 Raf8 24. exf5 Nxf5 25. Nxf5 gxf5 26. Bh5 Rf6 27. Rbd1 Rh6
28. d6 cxd6 29. Bf3 e4 30. Qd2 Qh4 31. Be2 Bd4 32. Nb5 Bxb5 33. cxb5 Rg8 34.
Bg4 Rxg4 0-1

[Event "Winter TNM"]
[Site "San Francisco"]
[Date "2006.02.28"]
[Round "7"]
[White "Woebcke, Carl"]
[Black "Lupton, Stephen"]
[Result "1-0"]
[WhiteElo "1670"]
[BlackElo "1326"]
[PlyCount "57"]
[EventDate "2006.01.10"]
[EventType "swiss"]
[EventRounds "8"]
[EventCountry "USA"]

1. e4 e5 2. f4 exf4 3. Nf3 g5 4. h4 g4 5. Ne5 Nf6 6. Bc4 d5 7. exd5 Bd6 8. d4
Nh5 9. Bb5+ Kf8 10. Bxf4 Nxf4 11. O-O Bxe5 12. dxe5 Nxd5 13. c4 c6 14. cxd5
Qb6+ 15. Kh1 Qxb5 16. Nc3 Qc4 17. e6 Bxe6 18. dxe6 Qxe6 19. Qd8+ Kg7 20. Qd4+
f6 21. Rae1 Qf7 22. Qxg4+ Kf8 23. Qb4+ Kg8 24. Re7 Na6 25. Qg4+ Qg6 26. Qe6+
Kf8 27. Rxf6+ Qxf6 28. Qxf6+ Kg8 29. Qg7# 1-0

[Event "Spring TNM"]
[Site "San Francisco"]
[Date "2006.03.28"]
[Round "1"]
[White "Bacelar, Erickson"]
[Black "Rich, Albert"]
[Result "0-1"]
[WhiteElo "1752"]
[BlackElo "2262"]
[PlyCount "59"]
[EventDate "2006.03.28"]
[EventType "swiss"]
[EventRounds "8"]
[EventCountry "USA"]

1. d4 d5 2. c4 c6 3. Nc3 Nf6 4. cxd5 cxd5 5. Nf3 Nc6 6. e3 Bg4 7. Be2 e6 8. O-O
Bd6 9. h3 Bh5 10. Re1 O-O 11. a3 Rc8 12. Bd2 Qe7 13. Nh2 Bg6 14. Bf3 Nd7 15.
Rc1 Nb6 16. Nf1 Nc4 17. Qb3 a6 18. Nb1 b5 19. Be2 Rc7 20. Bc3 Rfc8 21. Qd1 Nb8
22. Bd3 Nd7 23. Bxg6 hxg6 24. e4 dxe4 25. Rxe4 Nf6 26. Re1 Nd5 27. Qf3 Qf6 28.
Qxf6 gxf6 29. Ne3 Nxc3 30. Rxc3 {remainder illegible} 0-1

[Event "Spring TNM"]
[Site "San Francisco"]
[Date "2006.03.28"]
[Round "1"]
[White "Carcar, Alex"]
[Black "Nochomovitz, Yigal"]
[Result "0-1"]
[WhiteElo "1304"]
[BlackElo "1826"]
[PlyCount "76"]
[EventDate "2006.03.28"]
[EventType "swiss"]
[EventRounds "8"]
[EventCountry "USA"]

1. e4 e6 2. Be2 d5 3. c3 dxe4 4. Qa4+ Bd7 5. Qxe4 Bc6 6. Qg4 Nf6 7. Qg3 Bd6 8.
Qh3 e5 9. d3 Nbd7 10. Bg5 Qe7 11. Nd2 h6 12. O-O-O O-O-O 13. Bxf6 Qxf6 14. Bf3
Ba4 15. b3 Ba3+ 16. Kc2 Bb5 17. Ne2 Kb8 18. Nb1 Be7 19. Rhe1 Nc5 20. Nc1 Rd6
21. Qg3 Nd7 22. Na3 Ba6 23. Nc4 Bxc4 24. bxc4 Rd8 25. Bg4 Rb6 26. Bxd7 Rxd7 27.
Rxe5 Qc6 28. Nb3 a6 29. Qxg7 Qa4 30. Ra5 Qc6 31. Nd4 Qd6 32. Qxf7 Bg5 33. Qf5
Qe7 34. f3 Rxd4 35. Re5 Qa3 36. Re8+ Ka7 37. Ra8+ Kxa8 38. Qc8+ Ka7 0-1

[Event "Spring TNM"]
[Site "San Francisco"]
[Date "2006.03.28"]
[Round "1"]
[White "Chalissery, Jossy"]
[Black "Snyder, Larry"]
[Result "0-1"]
[WhiteElo "1689"]
[BlackElo "2045"]
[PlyCount "60"]
[EventDate "2006.03.28"]
[EventType "swiss"]
[EventRounds "8"]
[EventCountry "USA"]

1. Nf3 Nf6 2. g3 g6 3. Bg2 Bg7 4. O-O O-O 5. d3 d5 6. Nbd2 c5 7. e4 Nc6 8. exd5
Nxd5 9. Nc4 e5 10. Ne3 Be6 11. Ng5 Qxg5 12. Nxd5 Qd8 13. Nc3 Qd7 14. Re1 Rad8
15. Be3 b6 16. Qd2 c4 17. Rad1 cxd3 18. cxd3 Nb4 19. Bf1 Nxa2 20. Bh6 f6 21.
Bxg7 Kxg7 22. Ne4 Qd4 23. h4 a5 24. Be2 Bb3 25. h5 Bxd1 26. Rxd1 Nb4 27. hxg6
hxg6 28. Kg2 Rh8 29. f4 f5 30. Ng5 Rh2+ 0-1

[Event "Spring TNM"]
[Site "San Francisco"]
[Date "2006.03.28"]
[Round "1"]
[White "Gray, William"]
[Black "Dembling, Arthur"]
[Result "0-1"]
[WhiteElo "2022"]
[BlackElo "1674"]
[PlyCount "68"]
[EventDate "2006.03.28"]
[EventType "swiss"]
[EventRounds "8"]
[EventCountry "USA"]

1. e4 e6 2. d4 d5 3. Nd2 c5 4. Ngf3 Nf6 5. exd5 Qxd5 6. Bc4 Qd6 7. O-O cxd4 8.
Nb3 Nc6 9. Nbxd4 Nxd4 10. Nxd4 a6 11. a4 Qc7 12. Re1 Qxc4 13. Nf5 Qd5 14. Nd4
Bc5 15. Be3 O-O 16. c4 Qh5 17. Nf3 Bxe3 18. Rxe3 Bd7 19. Qb3 Bc6 20. Ne5 Ng4
21. Nxg4 Qxg4 22. Rg3 Qd4 23. Rd1 Qf6 24. h4 Rad8 25. Re1 Rd2 26. Qe3 Rfd8 27.
h5 h6 28. b4 R8d3 29. Qa7 Qf4 30. Rxd3 Rxd3 31. b5 axb5 32. axb5 Be4 33. c5 Qg4
34. Qb8+ Kh7 0-1

[Event "Spring TNM"]
[Site "San Francisco"]
[Date "2006.03.28"]
[Round "1"]
[White "Gurtovoy, Jason"]
[Black "Shankland, Sam"]
[Result "1/2-1/2"]
[WhiteElo "1698"]
[BlackElo "2106"]
[PlyCount "63"]
[EventDate "2006.03.28"]
[EventType "swiss"]
[EventRounds "8"]
[EventCountry "USA"]

1. e4 c5 2. Nf3 d6 3. d4 cxd4 4. Nxd4 Nf6 5. Nc3 g6 6. Be3 Bg7 7. Bc4 O-O 8.
Qd2 Nc6 9. f3 Bd7 10. g4 Ne5 11. Bb3 b5 12. h4 a5 13. a3 e6 14. h5 b4 15. axb4
axb4 16. Na2 d5 17. hxg6 fxg6 18. g5 Nh5 19. exd5 Qe7 20. dxe6 Bb5 21. Bd5 Nc4
22. Qf2 Nxe3 23. Qxe3 Nf4 24. Qe4 Rad8 25. Nxb4 Qxb4+ 26. c3 Qe7 27. Ra7 Qxa7
28. e7+ Nxd5 29. Qe6+ Kh8 30. Rxh7+ Kxh7 31. Qh3+ Kg8 32. Qe6+ 1/2-1/2

[Event "Spring TNM"]
[Site "San Francisco"]
[Date "2006.03.28"]
[Round "1"]
[White "Hilliard, Michael"]
[Black "Faulkner, Charles"]
[Result "1/2-1/2"]
[WhiteElo "1413"]
[BlackElo "1849"]
[PlyCount "69"]
[EventDate "2006.03.28"]
[EventType "swiss"]
[EventRounds "8"]
[EventCountry "USA"]

1. d4 d5 2. Nf3 Nf6 3. e3 e6 4. Bd3 b6 5. O-O Be7 6. Nbd2 Bb7 7. Re1 O-O 8. e4
dxe4 9. Nxe4 Nxe4 10. Bxe4 Bxe4 11. Rxe4 Qd5 12. Rg4 Rd8 13. Bh6 Bf6 14. c3 Qh5
15. Bxg7 Qxg4 16. Bxf6 Rd5 17. Qd2 Rh5 18. Be5 Nd7 19. Bxc7 Kh8 20. Ne5 Nxe5
21. Bxe5+ Kg8 22. Re1 Rg5 23. g3 h5 24. f4 Rg6 25. d5 h4 26. f5 Qxf5 27. d6
hxg3 28. hxg3 f6 29. d7 fxe5 30. d8=Q+ Rxd8 31. Qxd8+ Kh7 32. Qh4+ Kg7 33. Rf1
Qd3 34. Kg2 e4 35. Qe7+ {W has mate in 3: Kh8 36 Qf8+ Kh7 37 Rh1+ Rh6 38 Rxh6#}
1/2-1/2

[Event "Spring TNM"]
[Site "San Francisco"]
[Date "2006.03.28"]
[Round "1"]
[White "Ladyzhensky, Boris"]
[Black "Wong, Russell"]
[Result "1-0"]
[WhiteElo "1733"]
[BlackElo "2200"]
[PlyCount "67"]
[EventDate "2006.03.28"]
[EventType "swiss"]
[EventRounds "8"]
[EventCountry "USA"]

1. e4 Nf6 2. e5 Nd5 3. c4 Nb6 4. d4 d6 5. f4 dxe5 6. fxe5 Nc6 7. Be3 Bf5 8. Nc3
e6 9. Nf3 Be7 10. d5 exd5 11. cxd5 Nb4 12. Nd4 Bg6 13. Bb5+ Kf8 14. O-O Kg8 15.
e6 f6 16. Nf5 N4xd5 17. Nxd5 Bxf5 18. Rxf5 g6 19. Nxe7+ Qxe7 20. Qg4 Qxe6 21.
Bxb6 Qxf5 22. Qc4+ Kg7 23. Qxc7+ Kh6 24. Be3+ g5 25. Rf1 Qe6 26. Qc3 Rhf8 27.
Bd4 Rac8 28. Qf3 Rcd8 29. Be3 a6 30. Be2 Rde8 31. Qh5+ Kg7 32. Bd4 h6 33. Bd3
Qf7 34. Bxf6+ 1-0

[Event "Spring TNM"]
[Site "San Francisco"]
[Date "2006.03.28"]
[Round "1"]
[White "Mar, Henry"]
[Black "Rudyak, Felix"]
[Result "0-1"]
[WhiteElo "1537"]
[BlackElo "1932"]
[PlyCount "49"]
[EventDate "2006.03.28"]
[EventType "swiss"]
[EventRounds "8"]
[EventCountry "USA"]

1. d4 d5 2. Nf3 Nf6 3. e3 Bg4 4. Be2 e6 5. O-O Bd6 6. Nbd2 O-O 7. e4 dxe4 8.
Ne5 Bf5 9. f4 c5 10. c3 cxd4 11. cxd4 Qb6 12. Ndc4 Qc7 13. Nxd6 Qxd6 14. Be3
Nd5 15. Nc4 Qd7 16. Qd2 Nc6 17. a3 Nxe3 18. Qxe3 Qxd4 19. Qxd4 Nxd4 20. Bd1
Rac8 21. Nd6 Rc6 22. Nxf5 exf5 23. Rb1 Re8 24. Ba4 b5 25. Bd1 {
remainder illegible} 0-1

[Event "Spring TNM"]
[Site "San Francisco"]
[Date "2006.03.28"]
[Round "1"]
[White "Margulis, Igor"]
[Black "Salvo, Tab"]
[Result "1-0"]
[WhiteElo "2227"]
[BlackElo "1736"]
[PlyCount "63"]
[EventDate "2006.03.28"]
[EventType "swiss"]
[EventRounds "8"]
[EventCountry "USA"]

1. e4 d6 2. d4 Nf6 3. Nc3 g6 4. Be3 Bg7 5. f3 O-O 6. Qd2 Re8 7. O-O-O c6 8. g4
b5 9. Kb1 a5 10. h4 Ba6 11. h5 Nbd7 12. hxg6 fxg6 13. Qh2 Nf8 14. Nh3 a4 15. e5
N6d7 16. Ng5 dxe5 17. Nxh7 Qb8 18. d5 cxd5 19. Nxd5 b4 20. Nxf8 Nxf8 21. Bc5 b3
22. a3 bxc2+ 23. Qxc2 Qb7 24. Nb6 Rab8 25. Qxa4 Bxf1 26. Rhxf1 e6 27. Rd3 Rec8
28. Be3 Rc6 29. Rb3 Bf6 30. Ka2 Qc7 31. Nd5 exd5 32. Rxb8 {remainder illegible}
1-0

[Event "Spring TNM"]
[Site "San Francisco"]
[Date "2006.03.28"]
[Round "1"]
[White "Naroditsky, Daniel"]
[Black "Regan, Jack"]
[Result "1-0"]
[WhiteElo "1944"]
[BlackElo "1550"]
[PlyCount "95"]
[EventDate "2006.03.28"]
[EventType "swiss"]
[EventRounds "8"]
[EventCountry "USA"]

1. e4 c6 2. d4 d5 3. Nc3 dxe4 4. Nxe4 Bf5 5. Ng3 Bg6 6. Nf3 e6 7. Bd3 Bxd3 8.
Qxd3 Qa5+ 9. c3 Qa6 10. c4 Bb4+ 11. Bd2 Bxd2+ 12. Nxd2 Nf6 13. O-O Nbd7 14. b3
O-O 15. Nde4 Qb6 16. c5 Qc7 17. Nd6 Ne8 18. Nge4 f5 19. Ng5 Rf6 20. Nxe8 Rxe8
21. Rae1 h6 22. Nf3 {nam} g5 23. Ne5 Nxe5 24. Rxe5 Rd8 25. Qe3 Qf7 26. f4 g4
27. Re1 Re8 28. Rd1 Rd8 29. Qg3 Qg6 30. Qh4 Rff8 31. Qe7 Qf7 32. Qxe6 Qxe6 33.
Rxe6 Kg7 34. Re5 Rd7 35. d5 Rfd8 36. d6 Rf7 37. Kf2 h5 38. Rde1 h4 39. Re7 Rd7
40. Rxd7 Rxd7 41. Ke3 Kf6 42. Kd4 b6 43. b4 bxc5+ 44. Kxc5 Rb7 45. Kxc6 Rxb4
46. d7 Rd4 47. Re8 Rd1 48. d8=Q+ 1-0

[Event "Spring TNM"]
[Site "San Francisco"]
[Date "2006.03.28"]
[Round "1"]
[White "Oca, Homer"]
[Black "Russell, Joe"]
[Result "0-1"]
[WhiteElo "1678"]
[BlackElo "1529"]
[PlyCount "98"]
[EventDate "2006.03.28"]
[EventType "swiss"]
[EventRounds "8"]
[EventCountry "USA"]

1. h3 e5 2. c4 Nf6 3. Nc3 d5 4. cxd5 Nxd5 5. Nxd5 Qxd5 6. e3 Nc6 7. a3 Be7 8.
Qc2 Be6 9. d3 Rd8 10. e4 Qd6 11. Nf3 O-O 12. b4 f5 13. Bb2 Kh8 14. Be2 a6 15.
O-O Bf6 16. Rfe1 f4 17. Rad1 g5 18. Bc3 Qe7 19. Qb2 Qg7 20. Nh2 Nd4 21. Bg4
Bxg4 22. Nxg4 Be7 23. f3 c5 24. Kh1 h5 25. Nh2 Bd6 26. bxc5 Bxc5 27. Bb4 Rc8
28. Bxc5 Rxc5 29. Rb1 b5 30. Rec1 Rfc8 31. Rxc5 Rxc5 32. Qf2 Qc7 33. Nf1 Rc2
34. Qe1 Qc3 35. Qd1 Qxa3 36. Ra1 Ra2 37. Rc1 Qb2 38. Nd2 Qxd2 39. Qg1 Rc2 40.
Rxc2 Qxc2 41. Qa1 Qc8 42. Qa3 Ne2 43. Kh2 Qe6 44. Qc5 Kg7 45. Qc2 Nd4 46. Qc7+
Kg6 47. Qd8 b4 48. Kg1 b3 49. Qb8 Nb5 0-1

[Event "Spring TNM"]
[Site "San Francisco"]
[Date "2006.03.28"]
[Round "1"]
[White "Ossipov, Victor"]
[Black "Litowsky, Dan"]
[Result "0-1"]
[WhiteElo "2135"]
[BlackElo "1700"]
[PlyCount "86"]
[EventDate "2006.03.28"]
[EventType "swiss"]
[EventRounds "8"]
[EventCountry "USA"]

1. d4 d5 2. Nf3 Nf6 3. Bf4 e6 4. e3 Bd6 5. Bd3 Bxf4 6. exf4 O-O 7. O-O Nc6 8.
c3 h6 9. Nbd2 a5 10. a4 b6 11. Qe2 Re8 12. Ne5 Ne7 13. Ndf3 Bb7 14. Rfe1 Qd6
15. g3 c5 16. Bb5 Nc6 17. Rad1 Re7 18. Nxc6 Bxc6 19. Ne5 Bxb5 20. Qxb5 cxd4 21.
Rxd4 Qc5 22. Nd3 Qxb5 23. axb5 Rc7 24. f3 g6 25. g4 Rac8 26. Kf2 Rc4 27. Ke3
Rxd4 28. cxd4 Rc4 29. Rc1 Rxc1 30. Nxc1 Ne8 31. Na2 Nd6 32. b3 Nxb5 33. Kd3 Kg7
34. Nc1 Kf6 35. Ke3 g5 36. Nd3 Ke7 37. fxg5 hxg5 38. f4 f6 39. fxg5 fxg5 40.
Ne5 Nd6 41. Nd3 Ne4 42. b4 axb4 43. Nxb4 Kf6 {remainder illegible} 0-1

[Event "Spring TNM"]
[Site "San Francisco"]
[Date "2006.03.28"]
[Round "1"]
[White "Parker, Frank"]
[Black "Lupton, Stephen"]
[Result "1-0"]
[WhiteElo "1846"]
[BlackElo "1349"]
[PlyCount "71"]
[EventDate "2006.03.28"]
[EventType "swiss"]
[EventRounds "8"]
[EventCountry "USA"]

1. d4 Nf6 2. c4 g6 3. Nc3 Bg7 4. e4 d6 5. Be2 O-O 6. Nf3 c5 7. d5 Qa5 8. O-O
Nbd7 9. h3 Ne8 10. Bd2 a6 11. Qc2 Ne5 12. Nxe5 Bxe5 13. Bd3 Qd8 14. Be3 Ng7 15.
f4 Bf6 16. g4 e6 17. Rad1 Bh4 18. Kh2 Be7 19. Be2 f5 20. dxe6 Bxe6 21. exf5
gxf5 22. g5 Qc7 23. b3 Rf7 24. Bf3 Qc8 25. Bc1 Rb8 26. Bb2 Kf8 27. Nd5 Bd8 28.
Nf6 Ne8 29. Nxe8 Kxe8 30. Bh5 Qc6 31. Bxf7+ Kxf7 32. Qc3 Qe4 33. Rde1 Ba5 34.
Qf6+ Ke8 35. Rxe4 fxe4 36. Qxe6+ 1-0

[Event "Spring TNM"]
[Site "San Francisco"]
[Date "2006.03.28"]
[Round "1"]
[White "Purcell, Brendan"]
[Black "Bertot, German"]
[Result "1/2-1/2"]
[WhiteElo "1891"]
[BlackElo "1439"]
[PlyCount "41"]
[EventDate "2006.03.28"]
[EventType "swiss"]
[EventRounds "8"]
[EventCountry "USA"]

1. e4 e5 2. Nf3 Nc6 3. Bb5 a6 4. Ba4 Nf6 5. O-O Bc5 6. d3 b5 7. Bb3 h6 8. c3 d6
9. h3 O-O 10. Qe2 Qe7 11. Be3 Bxe3 12. Qxe3 Be6 13. Nbd2 Nh5 14. d4 Bxb3 15.
Nxb3 exd4 16. Nbxd4 Ne5 17. Nxe5 Qxe5 18. Nf3 Qe6 19. Nd4 Qe5 20. Nf3 Qe6 21.
Nd4 1/2-1/2

[Event "Spring TNM"]
[Site "San Francisco"]
[Date "2006.03.28"]
[Round "1"]
[White "Regan, Neil"]
[Black "Allen, Tom"]
[Result "1-0"]
[WhiteElo "1900"]
[BlackElo "1463"]
[PlyCount "53"]
[EventDate "2006.03.28"]
[EventType "swiss"]
[EventRounds "8"]
[EventCountry "USA"]

1. e4 e5 2. d4 exd4 3. Bc4 Nf6 4. Qe2 Bb4+ 5. c3 dxc3 6. bxc3 Be7 7. e5 Ng8 8.
Qf3 f6 9. Qd5 Nh6 10. Bxh6 Rf8 11. Bxg7 c6 12. Qf3 d5 13. exd6 Qxd6 14. Qh5+
Kd8 15. Bxf8 Bxf8 16. Nf3 Qe7+ 17. Be2 Bd7 18. Nbd2 Be8 19. Qh4 Bg6 20. Qd4+
Kc7 21. Nc4 Nd7 22. Qf4+ Kd8 23. Rd1 Qf7 24. O-O Ke8 25. Rfe1 Bc5 26. Nd6+ Bxd6
27. Bc4+ 1-0

[Event "Spring TNM"]
[Site "San Francisco"]
[Date "2006.03.28"]
[Round "1"]
[White "Robbins, Chuck"]
[Black "Grey, Peter"]
[Result "0-1"]
[WhiteElo "1665"]
[BlackElo "2000"]
[PlyCount "78"]
[EventDate "2006.03.28"]
[EventType "swiss"]
[EventRounds "8"]
[EventCountry "USA"]

1. d4 Nf6 2. c4 g6 3. Nc3 d5 4. cxd5 Nxd5 5. e4 Nxc3 6. bxc3 Bg7 7. Be3 c5 8.
Qd2 Qa5 9. Rc1 cxd4 10. cxd4 Qxd2+ 11. Kxd2 O-O 12. Bc4 Nc6 13. Ne2 Rd8 14. d5
e6 15. Rhd1 Na5 16. Ke1 Nxc4 17. Rxc4 exd5 18. exd5 b6 19. Rc7 Be5 20. Re7 Bd6
21. Re4 Bb7 22. Bf4 Bc5 23. Nc3 f5 24. Ra4 a6 25. Be3 Rac8 26. Bxc5 Rxc5 27.
Ra3 b5 28. Rd4 a5 29. f3 b4 30. Na4 Rcxd5 31. Rxd5 Rxd5 32. Re3 Kf7 33. Nb6 Rd4
34. a3 Kf6 35. axb4 axb4 36. Rb3 Ke6 37. Kf2 Kd6 38. Ke3 Kc5 39. h3 f4+ 0-1

[Event "Spring TNM"]
[Site "San Francisco"]
[Date "2006.03.28"]
[Round "1"]
[White "Samatra, Mario"]
[Black "Starr, Albert"]
[Result "1-0"]
[WhiteElo "1914"]
[BlackElo "1516"]
[PlyCount "57"]
[EventDate "2006.03.28"]
[EventType "swiss"]
[EventRounds "8"]
[EventCountry "USA"]

1. d4 f5 2. c4 g6 3. g3 Bg7 4. Bg2 Nf6 5. Nc3 O-O 6. Nf3 c6 7. O-O d5 8. cxd5
Nxd5 9. Qb3 e6 10. Nxd5 exd5 11. Bf4 Qb6 12. Qc3 Nd7 13. e3 Nf6 14. Be5 Bd7 15.
Rfc1 Ne4 16. Qc2 Rac8 17. Bxg7 Kxg7 18. Ne5 Be6 19. f3 Nd6 20. b3 Nb5 21. f4
Nc7 22. a4 Ne8 23. a5 Qd8 24. Qc5 b6 25. axb6 Qxb6 26. Rxa7+ Qxa7 27. Qxa7+ Rc7
28. Qc5 Nf6 29. Qd6 1-0

[Event "Spring TNM"]
[Site "San Francisco"]
[Date "2006.03.28"]
[Round "1"]
[White "Sanguinetti, George"]
[Black "Bayaraa, Bekhtur"]
[Result "0-1"]
[WhiteElo "1959"]
[BlackElo "1596"]
[PlyCount "67"]
[EventDate "2006.03.28"]
[EventType "swiss"]
[EventRounds "8"]
[EventCountry "USA"]

1. e4 c5 2. Nf3 d6 3. d4 cxd4 4. Nxd4 Nf6 5. Nc3 g6 6. Be3 Bg7 7. f3 Nc6 8. Qd2
h5 9. O-O-O h4 10. Bc4 Nd7 11. f4 Nb6 12. Bb3 Bg4 13. Rde1 Na5 14. Qd3 Rc8 15.
f5 Nbc4 16. Ba4+ Kf8 17. fxg6 f6 18. Nf5 Bxf5 19. exf5 Ne5 20. Qd5 Nac6 21. Kb1
a6 22. Bf4 Qe8 23. Bxe5 fxe5 24. Ne4 b5 25. Ng5 Nd8 26. Bb3 Bf6 27. Nh7+ Kg7
28. g4 Rc5 29. Qd2 e4 30. Rxe4 Qc6 31. Nxf6 Kxf6 32. Qd4+ Re5 33. Rxe5 Qxh1+
34. Re1+ 0-1

[Event "Spring TNM"]
[Site "San Francisco"]
[Date "2006.03.28"]
[Round "1"]
[White "Shaknazarov, Oleg"]
[Black "Dupree, Charles"]
[Result "1-0"]
[WhiteElo "2177"]
[BlackElo "1721"]
[PlyCount "33"]
[EventDate "2006.03.28"]
[EventType "swiss"]
[EventRounds "8"]
[EventCountry "USA"]

1. e4 c5 2. Nf3 e6 3. d4 cxd4 4. Nxd4 a6 5. Be2 Qc7 6. O-O Nf6 7. Nc3 b5 8. Bg5
b4 9. Bxf6 bxc3 10. Bh4 cxb2 11. Rb1 Ba3 12. Qd3 Qc5 13. c4 Bb7 14. Nc2 Qe5 15.
Qxa3 Nc6 16. Bf3 d6 17. Bg3 1-0

[Event "Spring TNM"]
[Site "San Francisco"]
[Date "2006.03.28"]
[Round "1"]
[White "Traub, Igor"]
[Black "Chan, John"]
[Result "1-0"]
[WhiteElo "2076"]
[BlackElo "1693"]
[PlyCount "71"]
[EventDate "2006.03.28"]
[EventType "swiss"]
[EventRounds "8"]
[EventCountry "USA"]

1. e4 c5 2. d3 d6 3. Nf3 Nc6 4. g3 e5 5. Bg2 Nf6 6. O-O Be7 7. Nbd2 b5 8. a4 b4
9. Nc4 a5 10. Nh4 O-O 11. Nf5 Bxf5 12. exf5 d5 13. Ne3 Rc8 14. g4 h6 15. c4 d4
16. Nc2 Nh7 17. Re1 Qd6 18. Qe2 Bf6 19. Qf3 Ng5 20. Qg3 Qd7 21. h4 Nh7 22. g5
hxg5 23. hxg5 Kh8 24. g6 Ne7 25. gxh7 Nxf5 26. Qg4 g6 27. Bg5 Qd8 28. Bxf6+
Qxf6 29. Re4 Kg7 30. Rae1 Rce8 31. f4 Nh6 32. Qg5 Qxg5 33. fxg5 Nf5 34. Rxe5
Rc8 35. Bh3 Kxh7 36. Rxf5 1-0

[Event "Spring TNM"]
[Site "San Francisco"]
[Date "2006.04.04"]
[Round "2"]
[White "Allen, Tom"]
[Black "Standen, Julian"]
[Result "1/2-1/2"]
[WhiteElo "1463"]
[BlackElo "1707"]
[PlyCount "88"]
[EventDate "2006.03.28"]
[EventType "swiss"]
[EventRounds "8"]
[EventCountry "USA"]

1. e4 c6 2. d4 d5 3. e5 Bf5 4. Nc3 e6 5. g4 Bg6 6. Nge2 c5 7. h4 f6 8. f4 Nc6
9. Be3 Qb6 10. f5 Bf7 11. Bg2 cxd4 12. Nxd4 Nxd4 13. Qxd4 Qxd4 14. Bxd4 Bb4 15.
O-O-O Bxc3 16. Bxc3 Ne7 17. exf6 gxf6 18. Bxf6 Rg8 19. g5 Nxf5 20. Rhe1 Kd7 21.
Re5 Rae8 22. Bxd5 Kc7 23. Rxf5 Bg6 24. Bxe6 Rxe6 25. Re5 Rc6 26. Re7+ Kc8 27.
c3 h6 28. Rg7 Rxg7 29. Bxg7 hxg5 30. hxg5 Re6 31. Bf6 Re2 32. Rd8+ Kc7 33. c4
Rg2 34. Rh8 Rc2+ 35. Kd1 Rxc4 36. Kd2 Rg4 37. Ke3 Bb1 38. a3 a6 39. Kf3 Rg1 40.
Rh3 Bf5 41. Rg3 Rxg3+ 42. Kxg3 Kd6 43. Kf4 Bg6 44. Ke3 Kd5 1/2-1/2